| 000 | 01063nam a22002537a 4500 | ||
|---|---|---|---|
| 999 |
_c7506 _d7506 |
||
| 003 | AR-CdUCM | ||
| 008 | 190320b ||||| |||| 00| 0 spa d | ||
| 020 | _a978-92-5-305682-8 | ||
| 040 |
_aMUNICIPALIDAD PROVINCIAL DEL CUSCO _cBIBLIOTECA MUNICIPAL DEL CUSCO |
||
| 082 |
_a631.5 / _bT21 |
||
| 100 |
_aTapia, Mario E. _921184 |
||
| 245 | _aGuía de campo de los cultivos andinos / | ||
| 260 |
_aLima : _bFAO _bAsociacion nacional de productores ecologicos del Perú, _c2007. |
||
| 300 |
_a209 paginas ; _bilustraciones, graficos, tablas, graficos, _c24 cm . |
||
| 500 | _aCultivo | ||
| 505 | _aContenido: Origen de las plantas cultivadas en los Andes -- Los espacios agrícolas en Perú y Bolivia -- Características de los sistemas agrícolas andinos -- Agronomía de los cultivos andinos -- Poscosecha -- Los nutrientes y los usos. | ||
| 650 |
_aCultivos de campo _921185 |
||
| 650 |
_aManuales _95970 |
||
| 650 |
_aPlantas nativas _921186 |
||
| 650 |
_aRegion Andina _915505 |
||
| 700 |
_aFries, Ana María _92922 |
||
| 942 |
_2ddc _cLIBROS |
||
| 945 | _apjha | ||